000 00602nam a2200217Ia 4500
005 20250508150231.0
008 008 250505s9999 xx 000 0 eng d
037 _aTextual
040 _aFEDL
_beng
_cFEDL
041 _aeng
_2eng
084 _a150, TIF
_qFEDL
100 _aTiffin Joseph
245 0 _aPsychology of normal people
260 _aBoston, USA
_bD C Heath and Company
_c1946
300 _axvi,581p.
365 _aINR
_b8
650 _aPsychology
700 _a Knight Frederic B Asher Eston Jackson
_9756196
942 _cTEXL
_h150, TIF
999 _c1322538
_d1322538